Countries by the number of islands - Statistics

General Stats
  • This quiz has been taken 31 times
  • The average score is 9 of 10
Answer Stats
Hint Answer % Correct
52 455 Canada
96%
17 508 Indonesia
93%
18 617 USA
93%
239 057 Norway
89%
267 570 Sweden
89%
178 947 Finland
86%
6 852 Japan
86%
8 222 Australia
82%
7 641 Philippines
79%
6 961 China
75%
No matching quizzes found
Score Distribution
Percent of People with Each Score
Percentile by Number Answered
Your Score History
You have not taken this quiz